000 00424nam a22001697a 4500
005 20160523140442.0
008 160523b xxu||||| |||| 00| 0 eng d
020 _a978-0-07-040306-2
041 _aeng
082 _b4314
100 _aTaxali, R.K.
_9220
245 _aPC Software for Windows 98
260 _aNew Delhi
_bAcademic Faundation
_c2008
300 _a708
650 _aInformation Technology
_9137
942 _cBK
999 _c1459
_d1459